| 000 | 00389 a2200133 4500 | ||
|---|---|---|---|
| 001 | ART_10018 | ||
| 005 | 20260410161653.0 | ||
| 008 | 260409a | ||
| 245 | 1 | 0 | _aDiseño estratégico de los canales |
| 100 | 1 | _aAnderson, Erin | |
| 700 | 1 | _aDay, George S. | |
| 700 | 1 | _aRangan, V. Kasturi | |
| 773 | 0 |
_tHarvard Deusto Business Review _g- Nº 86 (sep./oct 1998) _wREV521 |
|
| 999 |
_c14480 _d14480 |
||